Biblioteca

Doce hombres comunes y corrientes (Registro nro. 71250)

Detalles MARC
000 -LÍDER
Campo fijo de descripción fija 01524aam a2200385 i 4500
001 - NÚMERO DE CONTROL
Campo de control 768714001
003 - IDENTIFICADOR DEL NÚMERO DE CONTROL
Campo de control CO-MdFUSB
005 - FECHA Y HORA DE LA ULTIMA TRANSACCIÓN
control field 20260424124804.0
007 - CAMPO FIJO DE DESCRIPCIÓN FIJA--INFORMACIÓN GENERAL
Campo fijo de descripción fija ta
008 - ELEMENTOS DE LONGITUD FIJA -- INFORMACIÓN GENERAL
Campo fijo de descripción fija -- Información general 241129t2004 -us||||| |||| 001 0 spa d
020 ## - NÚMERO INTERNACIONAL NORMALIZADO PARA LIBROS
Número Internacional Normalizado del libro 978-0-88113-777-4
040 ## - FUENTE DE CATALOGACIÓN
Idioma de catalogación spa
Agencia que realiza la transcripción CO-MdFUSB
Agencia que realiza la modificación CO-MdFUSB
041 ## - CÓDIGO DE IDIOMA
Código de idioma para texto/pista de sonido o título separado spa
Código de idioma original eng
082 04 - NÚMERO DE CLASIFICACIÓN DECIMAL DEWEY
Número de la edición del Dewey 23
Número de clasificación 232.9
Clave de autor-Numero de item M116
100 1# - ASIENTO PRINCIPAL--NOMBRE PERSONAL
Nombre personal MacArthur, John,
Fechas asociadas con el nombre 1939-
Término relacionador autor
240 ## - TITULO UNIFORME
Título uniforme <a href="Twelve ordinary men. ">Twelve ordinary men. </a>
245 10 - TÍTULO
Título del Material Doce hombres comunes y corrientes
Mención de responsabilidad, etc. / John MacArthur ; traducido por Eugenio Orellana
264 #1 - PRODUCCIÓN, PUBLICACIÓN, DISTRIBUCIÓN, MANUFACTURA, Y COPYRIGHT
Lugar de producción, publicación, distribución, manufactura Nashville, Tennessee :
Nombre del productor, publicador, distribuidor Caribe,
Fecha de producción, publicación, distribución, manufactura, o copyright [2004]
264 #4 - PRODUCCIÓN, PUBLICACIÓN, DISTRIBUCIÓN, MANUFACTURA, Y COPYRIGHT
Fecha de producción, publicación, distribución, manufactura, o copyright ©2004
300 ## - DESCRIPCIÓN FÍSICA
Extensión 217 páginas
Dimensiones ; 20 cm
336 ## - TIPO DE CONTENIDO
Término de tipo de contenido texto
Código de tipo de contenido txt
Fuente rdacontent
337 ## - TIPO DE MEDIO
Fuente rdamedia
Nombre del tipo de medio sin mediación
Código del tipo de medio n
338 ## - TIPO DE SOPORTE
Fuente rdacarrier
Nombre del tipo de soporte volumen
Código Tipo de soporte nc
500 ## - NOTA GENERAL
Nota General Incluye índice
505 ## - NOTA DE CONTENIDO
Nota de contenido con formato preestablecido Hombres comunes y corrientes, un llamado poco común -- Pedro, el apóstol impetuoso -- Andrés, el apóstol de las cosas pequeñas -- Jacobo, el apóstol de la pasión -- Juan, el apóstol del amor -- Felipe, el analítico -- Natanael, en quien no hay engaño -- Mateo, el cobrador de impuestos; y Tomás, el gemelo -- Jacobo el menor, Simón el Zelote y Judas (no el Iscariote) -- Judas, el traidor.
563 ## - NOTA DE ENCUADERNACIÓN
Nota de encuadernación Rústico
650 #0 - ASIENTO SECUNDARIO DE MATERIA - TERMINO TEMÁTICO
Término temático o nombre geográfico como elemento de entrada Vida cristiana
9 (RLIN) 19
650 #7 - ASIENTO SECUNDARIO DE MATERIA - TERMINO TEMÁTICO
Término temático o nombre geográfico como elemento de entrada Religión
9 (RLIN) 385
653 ## - TÉRMINO DE INDIZACIÓN - NO CONTROLADO
Término no controlado Apóstoles
653 ## - TÉRMINO DE INDIZACIÓN - NO CONTROLADO
Término no controlado Biografías bíblicas
653 ## - TÉRMINO DE INDIZACIÓN - NO CONTROLADO
Término no controlado Liderazgo cristiano
700 ## - ASIENTO SECUNDARIO - NOMBRE PERSONAL
Nombre personal Orellana, Eugenio. ‎
9 (RLIN) 5070
Responsabilidad traductor
942 ## - TIPO DE MATERIAL (KOHA)
Tipo de Item KOHA Libros General
945 ## - INFORMACIÓN LOCAL DEL REGISTRO
Catalogador Catherine Arias Alvarez
Existencias
Estado de Material Estado de Perdido Forma de Clasificación Volumen-Parte/Tomo Estado de Dañado No para Préstamo Colección Tomo Biblioteca de Origen Biblioteca Permanente Fecha de Adquisición Área Total de Préstamos Signatura Topográfica Código de Barras Última vez visto Ejemplar/Existencia Fecha de Remplazo Tipo de Material
    Dewey Decimal Classification       Colección General   Biblioteca FUSBC Biblioteca FUSBC 29/11/2024 TEOLOGÍA CRISTIANA   G 232.9 M116d 25332 29/11/2024 Ej. 1 29/11/2024 Libros General

Biblioteca FUSBC | Teléfono: (57+4) 349 88 10 Ext. 141| WhatsApp (+57) 3005338115 
E-mail: biblioteca@unisbc.edu.co | Calle 76 87-14 Robledo Palenque, Medellín, Colombia

Con tecnología Koha